Hriešne radosti 1

Bibliographic Details
Main Author: Vincenzi, Penny, 1939-2018 (Author)
Other Authors: Steskálová, Katarína (prekladateľka) (Translator), Klimo, Martin, 1954- (Bookjacket designer), Musil, Bruno (Bookjacket designer)
Format: Book
Language:Slovak
English
PhysicalDescription:375 s. 21 cm
Published: Bratislava INA 1994
ISBN:8085680416
8085680300
Edition:1. vyd.
Subjects:

MARC

LEADER 00000cam a2200000 a 4500
001 vtls001077598
003 SK-MaSNL
005 20260302090343.0
008 240606s1994 xo gr 0000f slo
015 |a SNBA1995/02 
020 |a 8085680416 
020 |a 8085680300  |q (súbor) 
035 |a SNK000020432 
040 |a SNK  |b slo  |c SNK  |e AACR2 
041 1 |a slo  |h eng 
044 |a xo  |c SK 
072 7 |a 821.111-3  |x Anglická próza, anglicky písaná  |2 konspekt 
080 |a 820-3  |2 1981 
080 |a 821.111-31  |2 2011 
100 1 |a Vincenzi, Penny,  |d 1939-2018  |4 aut  |9 244638 
240 1 0 |a Wicked Pleasures  |l Slovensky 
245 1 0 |a Hriešne radosti 1  |c Penny Vincenzi ; z anglického originálu Wicked Pleasures ... preložila Katarína Steskálová 
250 |a 1. vyd. 
260 |a Bratislava  |b INA  |c 1994 
300 |a 375 s.  |c 21 cm 
655 7 |a anglické romány  |2 SNKPH  |9 70428 
700 1 |a Steskálová, Katarína  |c (prekladateľka)  |4 trl  |9 243413 
700 1 |a Klimo, Martin,  |d 1954-  |4 bjd  |9 117866 
700 1 |a Musil, Bruno  |4 bjd  |9 45942 
852 |a Slovenská národná knižnica 
919 |a 80-85680-41-6 
919 |a 80-85680-30-0 
954 |a beletria cudzojazyčná (svetová)  |2 lita 
958 |a UP 
958 |a LX 
968 |b ENG 
999 |c 1196281  |d 1198211 
952 |a SNK  |b SNK  |y PREZ  |7 0  |p 17A0996775  |o snkSC 87495/1  |0 0  |1 0  |4 0  |d 2012-08-28  |l 0  |r 2026-02-24 22:26:58  |w 2026-02-24 
952 |t P60, <05>, [BOOK], {605}  |a SNK  |b SNK  |y PREZ  |7 0  |p 17A0016134  |o snkSC 87495/1 D1  |0 0  |1 0  |4 0  |d 1996-10-29  |l 0  |r 2004-12-31 00:00:00  |w 2026-02-24